Mogo/ (Record no. 4004)

MARC details
000 -LEADER
campo de control de longitud fija 00753nam a22002897a 4500
003 - IDENTIFICADOR DE NÚMERO DE CONTROL
campo de control OSt
005 - FECHA Y HORA DE LA ÚLTIMA TRANSACCIÓN
campo de control 20230706135131.0
008 - DATOS DE LONGITUD FIJA--INFORMACIÓN GENERAL
campo de control de longitud fija 221006b |||||||| |||| 00| 0 eng d
040 ## - FUENTE DE CATALOGACIÓN
Centro/agencia transcriptor Biblioteca Lado V
082 ## - NÚMERO DE LA CLASIFICACIÓN DECIMAL DEWEY
Número de clasificación 700
Número de ítem A663m
100 ## - ENTRADA PRINCIPAL--NOMBRE DE PERSONA
9 (RLIN) 877
Nombre de persona Araújo, Walo
Término indicativo de función/relación editor
245 ## - MENCIÓN DEL TÍTULO
Título Mogo/
260 ## - PUBLICACIÓN, DISTRIBUCIÓN, ETC.
Fecha de publicación, distribución, etc. 2001
Nombre del editor, distribuidor, etc. Zetta iMPRESIONES
Lugar de publicación, distribución, etc. Panama
300 ## - DESCRIPCIÓN FÍSICA
Dimensiones 16x20cm
Extensión 66p.
490 ## - MENCIÓN DE SERIE
Designación de volumen o secuencia 2001
Número Internacional Normalizado para Publicaciones Seriadas 0864-0491
Mención de serie 03
505 ## - NOTA DE CONTENIDO CON FORMATO
Nota de contenido con formato II Fichas
505 ## - NOTA DE CONTENIDO CON FORMATO
Nota de contenido con formato 26 Nodo 5.5
505 ## - NOTA DE CONTENIDO CON FORMATO
Nota de contenido con formato 41 Cercanias
505 ## - NOTA DE CONTENIDO CON FORMATO
Nota de contenido con formato Efecto invernadero
505 ## - NOTA DE CONTENIDO CON FORMATO
Nota de contenido con formato Foto Septiembre
505 ## - NOTA DE CONTENIDO CON FORMATO
Nota de contenido con formato Tropico Utopico
505 ## - NOTA DE CONTENIDO CON FORMATO
Nota de contenido con formato Agenda
505 ## - NOTA DE CONTENIDO CON FORMATO
Nota de contenido con formato Datos y Contactos
505 ## - NOTA DE CONTENIDO CON FORMATO
Nota de contenido con formato Distribucion
505 ## - NOTA DE CONTENIDO CON FORMATO
Nota de contenido con formato Mogoscopio
942 ## - ELEMENTOS DE ENTRADA SECUNDARIOS (KOHA)
Fuente del sistema de clasificación o colocación Clasificación Decimal Dewey
Tipo de ítem Koha Libros
Parte de la signatura que corresponde a la clasificación (Parte de la clasificación) 700
Parte de la signatura que identifica el ejemplar (Parte del ítem) A663m
Suprimir en OPAC No
Holdings
Estatus retirado Estado de pérdida Fuente del sistema de clasificación o colocación Especificación de materiales (volumen encuadernado u otra parte) Estado de daño No para préstamo Colección Biblioteca de origen Biblioteca actual Fecha de adquisición Enumeración/cronología de publicación seriada Número de inventario Total de préstamos Signatura topográfica completa Código de barras Visto por última vez Precio de reemplazo Tipo de ítem Koha
    Clasificación Decimal Dewey 2001     Revistas Biblioteca LadoV Biblioteca LadoV 06/07/2023 03 003062   700 A663m 003062 06/07/2023 06/07/2023 Libros